00536nam a22001577a 45000050016000000200010000160350012000260370013000381000030000512450072000812600038001533000025001919420027002169990017002439520118002602012050206286.0 c00.00 aB-24344 aDPLbENG aDikholkar, Manisha946200 aLovers of human rights and friends of India /cby Manisha Dikholkar aMumbaibHimalaya Publishing House axiii, 182p.c20 cms. 2ddccENh323.0954mDIK c65976d65976 001040708NFICaZLSbZLSd2012-05-02g0.00l0o323.0954 DIKpB-24344r2012-05-02 00:00:00v0.00w2012-05-02yEN